00335nam a2200109Ia 4500008004100000082000800041100002300049245003400072942000600106952009800112999001500210240331s9999 xx 000 0 und d bJAY aJayatilaka, Ramani 0aGlobalization and Rural Women cL 001040708LaWERCLbWERCLcSSCd2024-03-31l0o 307.72 JAYp2899r2024-03-31w2024-03-31yL c2226d2226